| 000 | 00524nam a22001937a 4500 | ||
|---|---|---|---|
| 005 | 20260529153834.0 | ||
| 010 | _aENG-148676 | ||
| 020 |
_a9789349042179 _c250.00 |
||
| 035 | _aEN-132208 | ||
| 037 | _bDBAD | ||
| 082 |
_aS _21 |
||
| 100 |
_aMontgomery, LM _989241 |
||
| 245 |
_aAnne of Green Gables/ _cLM Montgomery |
||
| 250 | _a1 | ||
| 260 |
_aChandigarh _bThe Browser _c2026 |
||
| 270 |
_bChandigarh _aSCO 14-15, Sector 8-C _e160009 _mservice@thebrowser.org |
||
| 300 |
_a261p. _c20cm(pb) |
||
| 942 |
_2ddc _cEN _hS _mMON |
||
| 999 |
_c216416 _d216416 |
||